Fifty Largest Islands in Canada - Statistics

General Stats
  • This quiz has been taken 65 times
  • The average score is 18 of 50
Answer Stats
Largest settlement Province or Territory Answer % Correct
Iqaluit Nvt Baffin
97%
Grise Fjord Nvt Ellesmere
94%
Cambridge Bay Nvt and NWT Victoria
94%
St. John's NL Newfoundland
88%
Saanich BC Vancouver
82%
Charlottetown PEI Prince Edward
74%
Sachs Harbour NWT Banks
71%
None BC Banks
71%
Sydney NS Cape Breton
65%
Coral Harbout Nvt Southampton
62%
None Nvt Devon
59%
Port-Menier Que Anticosti
53%
None Nvt Prince of Wales
53%
None Nvt and NWT Mackenzie King
47%
None Nvt Axel Heiberg
44%
Gjoa Haven Nvt King William
44%
None Nvt Bathurst
41%
None NWT Prince Patrick
38%
None Nvt Somerset
38%
None Nvt Bylot
35%
None Nvt and NWT Melville
35%
None Nvt Prince Charles
35%
None Nvt Cornwall
32%
Daajing Giids BC Graham
32%
None Nvt Graham
32%
Resolute NWT Cornwallis
29%
None Nvt Ellef Ringnes
29%
None Nvt Amund Ringnes
24%
None Nvt and NWT Borden
24%
None Nvt Coats
24%
Little Current Ont Manitoulin
24%
None Nvt Air Force
21%
Sandspit BC Moresby
21%
None BC Princess Royal
21%
None Nvt Akimiski
15%
None Nvt Mansel
15%
None Nvt Nottingham
15%
None Nvt Cameron
12%
Sanikiluaq Nvt Flaherty
12%
None Nvt Lougheed
12%
None Nvt Stefansson
12%
None Nvt Wales
12%
None Nvt Byam Martin
9%
None NWT Eglington
9%
None Nvt Resolution
9%
None NWT Richards
9%
None Nvt Rowley
9%
None Nvt Vanier
9%
None BC Pitt
6%
None Que René-Levasseur
6%
No matching quizzes found
Score Distribution
Percent of People with Each Score
Percentile by Number Answered
Your Score History
You have not taken this quiz